| 000 | 00467nab a2200145Ia 4500 | ||
|---|---|---|---|
| 003 | ES-SlBCS | ||
| 005 | 20220906011053.0 | ||
| 008 | 140529s2003 xxu||||| |||| 00| 0 eng d | ||
| 041 | _aeng | ||
| 100 | 1 |
_aMcgrath, Sean J. _9131952 |
|
| 245 | 0 | 0 |
_aHeidegger and Duns Scotus on Truth and Language _c Sean J. Mcgrath |
| 600 | 1 | 0 |
_aHeidegger, Martín _d(1889-1976) _917559 |
| 773 | 0 |
_tReview of Methaphysics _gvol. 57/2, nº. 226, 2003, págs. 339-358 _wRev843 |
|
| 942 | _cAR | ||
| 999 |
_c531230 _d531230 |
||